Hồ Chí Minh thought will light our path forever.

שמור ב:
מידע ביבליוגרפי
פורמט: ספר
יצא לאור: Thế giới 2001
תגים: הוספת תג
אין תגיות, היה/י הראשונ/ה לתייג את הרשומה!
Thư viện lưu trữ: Mạng thư viện Đại học Đà Nẵng
LEADER 00515nam a2200217 a 4500
001 000029570
003 12181
005 20171030145630.0
008 171030s2001
020 |c 58000 
040 |a LTT 
082 0 |a 335.5  |b Hô-C 
245 0 0 |a Hồ Chí Minh thought will light our path forever. 
260 |b Thế giới  |c 2001 
OWN |a LTT 
999 |a From the UDN01 
TYP |a Monograph 
TYP |a Printed language 
980 |a Mạng thư viện Đại học Đà Nẵng